[Event "RUS-ch Men Rapid 2019"]
[Site "Sochi"]
[Date "2019.10.15"]
[Round "2.4"]
[White "Antipov, Mikhail Al."]
[Black "Musalov, Ruslan"]
[Result "0-1"]
[WhiteElo "2658"]
[BlackElo "2348"]
[Annotator "TA"]
[PlyCount "104"]
[EventDate "2019.10.15"]
[EventType "swiss"]
[EventCountry "RUS"]
[SourceTitle "playchess.com"]
[Source "ChessBase"]
[SourceQuality "1"]

{[%evp 13,104,47,42,27,67,58,76,68,85,77,78,75,107,84,71,41,56,73,85,78,129,132,173,112,209,197,204,145,129,135,132,105,104,108,102,107,115,101,100,100,99,100,109,105,108,105,143,120,138,0,115,105,115,101,137,99,99,100,125,143,140,141,136,43,43,40,81,0,89,33,41,0,16,0,0,-12,0,-137,-137,-137,-137,-830,-804,-29968,-29967,-5089,-586,-5093,-5093,-29985,-29986,-29986,-29987]} 1. e4 e5 2. Nf3 Nc6 3. Bc4 Bc5 4. c3 Nf6 5. d3 O-O 6. O-O d5 7. exd5 Nxd5 8. a4 {C54: Giuoco Piano: 4 c3 Nf6, main lines with 5 d4 and 5 d3} (8. Re1 Bg4 9. Nbd2 Nb6 10. h3 Bh5 11. Bb3 Qxd3 12. Nxe5 Qf5 13. Nef3 Rad8 14. Qe2 Nd5 15. Ne4 Bxf3 16. Qxf3 Qxf3 17. gxf3 {½-½ (31) Vachier Lagrave,M (2774)-Aronian,L (2758) Khanty-Mansiysk 2019}) 8... Be7 9. Re1 Bf6 10. a5 $146 {White is better.} ({Predecessor:} 10. Nbd2 a6 11. Ne4 Be7 12. Nfg5 h6 13. Nf3 Bg4 14. Ng3 {1-0 (46) Molchanova,T (2365)-Dommes,V (2252) St Petersburg 2008}) 10... Rb8 {[#]} 11. Nbd2 $1 b5 12. axb6 $1 axb6 13. Ne4 b5 14. Ba2 Bf5 15. Qb3 Nce7 16. Nxf6+ gxf6 (16... Nxf6 $142 17. Nxe5 Be6) 17. d4 $16 Be6 18. Qd1 (18. Qc2 $18) 18... Ng6 (18... Ra8 $16 {was necessary.}) 19. dxe5 $18 Ndf4 20. exf6 Qxf6 {next ...Rbd8 is good for Black.} 21. Bxf4 Nxf4 22. Qd4 Qxd4 23. Nxd4 {[%cal Ra2e6]} Bxa2 24. Rxa2 Rfe8 {[%cal Re8e1]} 25. Raa1 Rxe1+ 26. Rxe1 $16 {[%mdl 4096] Endgame KRN-KRN} Nd3 27. Re2 c5 28. Nf5 c4 29. g3 Ra8 30. Nd4 Rb8 31. Nf5 (31. Kg2 $16) 31... Kf8 (31... Ra8 $11) 32. h4 h5 33. Rd2 Re8 34. Ne3 Ra8 35. Kg2 Ne1+ 36. Kf1 Nd3 37. Ke2 Ra1 38. Nd1 ({White should try} 38. Kf3 $16) 38... Ke7 $14 39. Ke3 Ra6 40. Ke2 (40. Kf3 $16) 40... f5 {[#]} (40... Ra1 $11) 41. Kf3 (41. Ne3 $1 $16) 41... Kf6 42. b4 Ra3 43. Ke2 Ke5 44. Rc2 Ra1 45. Ne3 (45. Nb2 $11 Nxb2 46. Rxb2) 45... f4 $17 46. gxf4+ Nxf4+ ({Much worse is} 46... Kxf4 $6 47. Nd5+ Kg4 48. Nf6+ Kxh4 49. Ke3 $11) 47. Kf3 $2 {[%mdl 8192]} (47. Kd2 $17) 47... Rh1 $19 {[%cal Rh1h3]} 48. Ng4+ hxg4+ 49. Kxg4 Rg1+ 50. Kf3 Kf5 51. h5 Rd1 {[%cal Rd1d3]} 52. Kg3 Rh1 {Accuracy: White = 38%, Black = 45%.} 0-1

[Event "RUS-ch Men Rapid 2019"]
[Site "Sochi"]
[Date "2019.10.15"]
[Round "2.5"]
[White "Remizov, Yaroslav"]
[Black "Shimanov, Aleksandr"]
[Result "0-1"]
[WhiteElo "2394"]
[BlackElo "2653"]
[Annotator "TA"]
[PlyCount "132"]
[EventDate "2019.10.15"]
[EventType "swiss"]
[EventCountry "RUS"]
[SourceTitle "playchess.com"]
[Source "ChessBase"]
[SourceQuality "1"]

{[%evp 14,132,25,26,22,19,39,30,29,16,18,12,11,12,14,0,20,-30,21,-12,-13,-28,-18,-40,-40,-40,-53,-42,-43,-46,-39,-43,-38,-53,-35,-54,-46,-53,0,0,50,0,8,9,8,8,372,0,296,0,205,0,0,0,0,0,25,10,44,40,81,66,220,199,204,132,131,139,164,93,110,60,118,80,212,162,152,160,118,15,28,-29,-37,-32,-37,-32,-38,-38,0,-17,0,-77,0,-75,-69,-70,-70,-78,-41,-212,-164,-185,-20,-20,-20,-243,-239,-2133,-975,-975,-891,-875,-968,-950,-935,-796,-633,-1018,-981,-1862,-1807]} 1. e4 c6 2. d4 d5 3. Nc3 dxe4 4. Nxe4 Nf6 5. Nxf6+ exf6 6. c3 Bd6 7. Bd3 O-O 8. Qc2 Re8+ {B15: Caro-Kann: 3 Nc3: 3...g6 and 3...dxe4 4 Nxe4 Nf6 5 Nxf6+ exf6} 9. Ne2 h5 10. Be3 Nd7 {White has an edge.} 11. O-O-O (11. Ng3 Bf4 12. O-O-O Bxe3+ 13. fxe3 Rxe3 14. Rde1 Rxe1+ 15. Rxe1 Nf8 16. Nxh5 {½-½ (36) Mamedov,R (2650)-Cheparinov,I (2667) Hengshui 2019}) 11... Nf8 12. Kb1 Be6 13. c4 $146 ({Predecessor:} 13. Kc1) 13... Rc8 14. Nc3 Bb4 15. Qb3 a5 ({Black should try} 15... Bxc3 16. Qxc3 Qd7) 16. h3 Bxc3 17. Qxc3 b5 18. Ka1 bxc4 19. Bxc4 Bd5 20. Rhg1 Ne6 21. Rc1 Ra8 22. Bxd5 cxd5 23. Qa3 Qd7 24. Rc3 Reb8 25. g4 hxg4 (25... h4 $15) 26. hxg4 $11 Rb4 27. Rd1 Rab8 28. Rc2 $1 Qb5 29. Rh1 g6 $2 {[%mdl 8192]} (29... g5 $11) 30. Qc3 $2 (30. f4 $1 $18) 30... Qa4 $2 {[%mdl 8192] [#]} (30... Rc4 $1 $11 31. Qd3 Kg7) 31. Qc8+ $1 {[%mdl 512]} Qe8 $2 (31... Rxc8 $11 32. Rxc8+ Nf8) 32. Qxe8+ $2 (32. Qa6 $18) 32... Rxe8 33. a3 Rb3 34. Rc3 Rb7 35. Rhc1 Rbb8 36. Rc6 Kg7 37. Ra6 $36 {[%mdl 2048] White has the initiative.} f5 $2 (37... Rb5 $14) 38. gxf5 $18 ({Don't do} 38. Rxa5 $6 f4 $16) 38... gxf5 39. Rxa5 f4 40. Bd2 Red8 41. Bc3 (41. Ra6 $18) 41... Kg6 $16 42. Re1 Rd7 (42... Ng5 $14) 43. Re5 Nc7 (43... Rbd8 $16 {was called for.}) 44. Bd2 f6 45. Re1 Kf5 46. Rc5 (46. Ra7 $16 Rbd8 47. Bb4) 46... Ne6 $11 47. Rxe6 (47. Rc3 $142) 47... Kxe6 48. Bxf4 {[%mdl 4096] Endgame KRR-KRB} Rb3 49. Ka2 Rdb7 {[%mdl 1024] Black has compensation.} 50. Rc2 Kf5 51. Bd2 Ke4 {Hoping for ...Kd3.} 52. Bc3 (52. Bb4 $1 $11 {keeps the balance.} Rf3 53. Bc5) 52... Kf3 (52... f5 $1 $17) 53. a4 (53. Bb4 $11 R7xb4 54. axb4 Rxb4 55. Ka3) 53... f5 $1 $17 54. a5 {aiming for a6.} Rb8 $1 55. Be1 Kg2 56. Bc3 $2 {[#]} (56. Bd2 $1 $15) 56... f4 $1 $19 57. Bd2 {[#]} f3 $2 (57... Rf3 $1 $19 {White must now prevent ...Kf1.} 58. Kb1 Kf1 59. Rc1+ Kxf2) 58. Bf4 $11 R8b5 {Threatens to win with ...Rd3.} 59. Bg3 $2 (59. Bd2 $1 $11 {and White is okay.}) 59... R3b4 $19 60. Rc5 $2 (60. Ka3) 60... Ra4+ (60... Rxb2+ $142 61. Ka3 R2b3+ 62. Ka2 Rxc5 63. dxc5 Rc3) 61. Kb1 Raxa5 62. Rc8 Ra4 63. Rg8 Kf1 64. Rf8 Rb3 65. Kc2 Rab4 66. Bd6 Rxb2+ {Accuracy: White = 28%, Black = 45%.} 0-1

[Event "RUS-ch Men Rapid 2019"]
[Site "Sochi"]
[Date "2019.10.15"]
[Round "2.6"]
[White "Timofeev, Artyom"]
[Black "Linker, Mikhail"]
[Result "1-0"]
[WhiteElo "2648"]
[BlackElo "2269"]
[Annotator "TA"]
[PlyCount "145"]
[EventDate "2019.10.15"]
[EventType "swiss"]
[EventCountry "RUS"]
[SourceTitle "playchess.com"]
[Source "ChessBase"]
[SourceQuality "1"]

{[%evp 14,145,13,4,40,51,46,44,54,50,61,42,51,49,66,48,49,45,56,13,48,24,58,50,45,31,48,52,58,57,55,61,59,59,72,60,61,0,97,103,92,95,87,89,112,47,123,107,116,109,129,87,110,91,202,202,297,294,387,384,383,381,387,381,350,129,178,111,114,99,128,99,179,157,237,227,229,191,221,136,168,135,126,124,170,114,141,79,79,79,117,81,89,89,108,91,91,77,165,158,243,227,273,252,262,74,74,74,78,8,8,8,8,8,8,8,8,8,8,8,8,8,4722,1936,29965,1608,29985,29986,29987,29988,29988,29989,29990,29990]} 1. c4 Nf6 2. e3 c5 3. d4 g6 4. Nc3 cxd4 5. exd4 Bg7 6. d5 d6 7. Nf3 O-O 8. Be2 Nbd7 {E91: King's Indian: Classical: 6 Be2, unusual replies including 6...c5 and 6...Bg4} (8... Bg4 9. O-O Nbd7 10. Be3 Rc8 11. Nd2 Bxe2 12. Qxe2 a6 13. Rfe1 Re8 14. Rac1 e6 15. dxe6 Rxe6 16. Qd1 {1-0 (61) Aronian,L (2803)-Le,Q (2703) Beijing 2013}) 9. O-O Nc5 10. Be3 Bd7 {White is slightly better.} 11. h3 $146 ({Predecessor:} 11. Nd4 Nfe4 12. Nxe4 Nxe4 13. Bf3 Nc5 14. b4 Na4 15. Rc1 a5 16. b5 Nc5 17. Nb3 Na4 18. Nd4 Nc5 19. Nb3 Na4 20. Nd4 Nc5 {½-½ (21) Lindbol,A (2139)-Sisatto,O (2276) Fagernes 2019}) 11... a6 12. Bd4 Qa5 13. Rb1 {Strongly threatening b4.} Na4 14. Nxa4 Bxa4 15. Qd3 Bd7 {White should prevent ...Bf5.} 16. Qe3 (16. b4 $5 {[%cal Rb4a5]} Qc7 17. Qb3 $14) 16... Bf5 17. Rbe1 e5 18. dxe6 Bxe6 19. Bc3 Qc5 20. Ng5 Qxe3 21. fxe3 h6 22. Nxe6 fxe6 23. Bf3 Rf7 24. Rd1 $36 {[%mdl 2048] White is more active.} Ne8 25. Bg4 (25. Be4 $14) 25... Rxf1+ (25... Bxc3 $11 {remains equal.} 26. Bxe6 {[%mdl 64] Pin} (26. bxc3 Re7 $11) 26... Bf6) 26. Kxf1 $16 Bxc3 27. Bxe6+ Kf8 28. bxc3 {[%mdl 4096] Endgame KRB-KRN} b6 29. Rd4 (29. Bd5 $16 Rb8 30. Ke2) 29... Ra7 (29... Rd8 $14) 30. Rf4+ Kg7 31. Ke2 Re7 32. Bc8 a5 33. Rd4 Rc7 (33... Kf6 $16) 34. Ba6 $1 $18 Nf6 (34... d5 {was called for.} 35. cxd5 (35. Rxd5 Nf6 $16) 35... Nd6) 35. Bb5 ({Don't play} 35. Rxd6 $6 Ne4 $16) 35... Ra7 36. a4 Rb7 37. Kd3 Kf7 38. Rxd6 Ke7 39. Rd4 $2 (39. c5 $18 {has better winning chances.}) 39... Rc7 {[#]} 40. h4 (40. e4 $1 $18) 40... Rc5 41. g3 g5 42. Ke2 gxh4 (42... Rc8 $16 43. Kd2 Ke6) 43. gxh4 Rc7 (43... h5 $16 44. Kd3 Rc8) 44. Rf4 Rc5 45. Kf3 Ke6 46. Ba6 Rc7 47. Rd4 Nd7 48. Rd5 Ne5+ 49. Ke4 ({Better is} 49. Kf4 $18 Nxc4 50. Rh5 Rf7+ 51. Ke4 Nd6+ 52. Kd3) 49... Nd7 $16 50. Kd4 (50. Bb5 $142 Nf6+ {[%mdl 64] Double Attack} 51. Kd4) 50... Nc5 51. Bb5 Nb3+ 52. Kd3 Nc5+ 53. Ke2 Rc8 54. Rh5 Rh8 {Threatening ...Ne4.} 55. Bc6 Kf6 (55... Kd6 $16 {keeps fighting.} 56. Bb5 Ke6) 56. e4 $18 Kg6 (56... Ke7 $16 {was necessary.} 57. Kd2 Kd6) 57. Rf5 Rd8 58. h5+ Kg7 59. e5 $2 (59. Rf1 $18 {and White stays clearly on top.}) 59... Rf8 $16 60. Rxf8 Kxf8 {[#] KB-KN} 61. Ke3 (61. e6 $1 $16) 61... Ke7 $11 62. Kf4 {And now Kf5 would win.} Ke6 $1 63. Bd5+ Ke7 $1 64. Kf5 {aiming for Kg6.} Nxa4 65. c5 bxc5 66. Kg6 Nxc3 67. Bc4 a4 $2 {[%mdl 8192]} (67... Nd1 $11 68. Kxh6 Ne3) 68. Kxh6 $18 a3 69. Kg7 (69. Kg6 $142 Ne4 70. h6 Nd2 71. h7 Nxc4 72. h8=Q Kd7 73. Qf6 a2 74. e6+ Kc7 75. Qa1) 69... Ne2 70. h6 {White mates.} Nd4 71. h7 Nf5+ 72. Kg6 Ne3 73. Bb5 {Played: h7-h8Q} 1-0

[Event "RUS-ch Men Rapid 2019"]
[Site "Sochi"]
[Date "2019.10.15"]
[Round "2.7"]
[White "Potapov, Alexander"]
[Black "Kokarev, Dmitry"]
[Result "1/2-1/2"]
[WhiteElo "2413"]
[BlackElo "2647"]
[Annotator "TA"]
[PlyCount "141"]
[EventDate "2019.10.15"]
[EventType "swiss"]
[EventCountry "RUS"]
[SourceTitle "playchess.com"]
[Source "ChessBase"]
[SourceQuality "1"]

{[%evp 16,141,40,27,53,-9,0,0,5,0,0,-33,44,0,89,55,70,61,62,75,83,58,61,68,104,-62,32,25,29,20,23,38,32,19,13,0,0,0,0,-35,-33,-36,0,-9,-15,-9,44,59,66,0,0,0,0,0,0,11,35,35,83,0,0,0,0,0,0,-12,-12,-12,-12,-12,0,-14,-14,-163,279,268,258,267,219,149,139,86,86,12,86,86,163,139,162,144,206,118,140,86,116,98,120,76,76,76,101,76,84,18,28,0,0,0,0,0,114,100,122,118,120,120,116,120,116,114,81,60,56,48,98,39,36,2]} 1. d4 Nf6 2. c4 g6 3. Nc3 Bg7 4. e4 d6 5. h3 O-O 6. Bg5 Na6 7. Bd3 e5 8. d5 c6 9. Nge2 Bd7 {E71: King's Indian: 4 e4 d6 5 h3} (9... Nc5 10. Bc2 a5 11. O-O Bd7 12. Qd2 cxd5 13. exd5 Qc7 14. b3 Nh5 15. Bh6 Qd8 16. Bxg7 Kxg7 17. a3 b6 18. Rfe1 Rc8 19. Rab1 {1-0 (41) Abdusattorov,N (2598)-Bogner,S (2584) Biel 2019}) 10. g4 $146 (10. O-O $14) ({Predecessor:} 10. O-O cxd5 11. cxd5 Nc5 12. Bc2 a5 13. a3 a4 14. Qd2 Qb6 15. Ng3 Bb5 16. Rfc1 Rfc8 17. Be3 Nfd7 18. Rab1 Qa5 19. Nxb5 Qxb5 20. Bd1 Nb3 21. Bxb3 axb3 {1-0 (59) Dearing,E (2367)-Palliser,R (2438) Millfield 2003}) 10... Nc5 11. Bc2 cxd5 {The position is equal.} 12. exd5 Qb6 13. b3 Rfe8 (13... h5 $15) 14. Be3 h5 (14... e4 $11) 15. g5 Nh7 16. Ne4 Qa5+ 17. Qd2 Qxd2+ 18. Kxd2 Nxe4+ 19. Bxe4 Bf8 20. b4 $2 ({White should try} 20. a4 $16) 20... a5 ({Better is} 20... Rac8 $15 21. Rac1 h4) 21. b5 $14 Kg7 22. Nc3 Be7 23. h4 f6 {[%cal Rf6g5]} 24. gxf6+ Nxf6 25. Bg5 (25. Bd3 {seems wilder.} Ng4 26. Rag1 Rf8 27. Ke2 Rac8 28. c5) 25... Bf5 26. Bxf6+ Bxf6 27. Kd3 Rf8 28. Rag1 Kh6 29. Rg3 Kh7 30. Rhg1 Rg8 (30... Bxh4 $11 31. R3g2 g5) 31. Rf3 Bxh4 32. Bxf5 (32. Rh1 $1 $14 Bxe4+ 33. Nxe4) 32... gxf5 $11 33. Rxg8 Rxg8 34. Rxf5 $14 {[%mdl 4096] Endgame KRB-KRN} Kg6 35. Rf3 $1 b6 36. Ne4 Rd8 $1 {[#]} 37. Rh3 (37. c5 $1 $16) 37... Be7 $11 38. Rg3+ Kh6 39. Rf3 h4 40. Rf7 Re8 41. Ke2 Kg6 42. Rf3 Rh8 {Strongly threatening ...h3.} 43. Rh3 Kf5 44. Kf3 (44. Ke3 $11) 44... Rc8 $4 {[%mdl 8192] [#]} (44... Rg8 $19 45. Ke3 Rg1 46. Rf3+ Kg6) 45. Rxh4 $1 $18 {[%mdl 512]} Kg6 (45... Bxh4 46. Nxd6+) 46. Rg4+ Kf7 47. Nc3 Rh8 48. Ke2 ({White should play} 48. Na4) 48... Rh1 49. Rg3 (49. Kd3 $16) 49... Rc1 (49... Rh4 $11) 50. Kd2 Ra1 (50... Rh1 $16 {might work better.}) 51. Rf3+ Kg6 52. Kc2 Rf1 {[#]} (52... Kg7 $16 53. Rg3+ Kf7) 53. Nd1 (53. c5 $1 $18 {[%mdl 512]} dxc5 (53... bxc5 54. b6) 54. Ne4) 53... Rh1 $16 54. Rg3+ (54. Ne3 $142) 54... Kf7 55. Ne3 Ra1 56. Kb2 Re1 57. Rf3+ Ke8 58. Nf5 Kd7 59. Kc3 (59. Ng3 $16) 59... Rc1+ $11 60. Kd3 {aiming for Rg3.} e4+ $1 {[%mdl 64] Decoy} 61. Kxe4 Rxc4+ 62. Nd4 a4 (62... Ra4 $11 {keeps the balance.}) 63. Kd3 $16 Rc5 64. Rf5 Bh4 65. Rf7+ Ke8 66. Rf4 Be7 67. Ke4 Bg5 68. Rf3 {Threatens to win with Ne6.} Bc1 $1 69. Rh3 Bb2 70. Nc6 (70. Ne6 $16 Rc4+ 71. Kf5) 70... Rxb5 $14 71. Rh6 {Accuracy: White = 32%, Black = 53%.} 1/2-1/2

[Event "RUS-ch Men Rapid 2019"]
[Site "Sochi"]
[Date "2019.10.15"]
[Round "2.8"]
[White "Grachev, Boris"]
[Black "Shcherbin, Matvei"]
[Result "0-1"]
[WhiteElo "2641"]
[BlackElo "2366"]
[Annotator "TA"]
[PlyCount "98"]
[EventDate "2019.10.15"]
[EventType "swiss"]
[EventCountry "RUS"]
[SourceTitle "playchess.com"]
[Source "ChessBase"]
[SourceQuality "1"]

{[%evp 24,98,30,11,36,29,29,19,21,20,12,9,18,0,3,0,0,-23,-25,-21,8,0,0,0,0,-50,-45,-62,-91,-94,-84,-81,31,32,148,-108,-109,-110,-92,-864,-839,-805,-282,-992,0,0,0,-884,0,0,0,-879,-871,-860,-823,-892,-908,-1137,-867,-897,-895,-1354,-1311,-1992,-1815,-29972,-29971,-29981,-11992,-29988,-29989,-29989,-29990,-29990,-29991,-29991,-29992]} 1. Nf3 Nf6 2. c4 e6 3. Nc3 d5 4. e3 Be7 5. b3 O-O 6. Bb2 b6 7. g3 Bb7 8. Bg2 Nbd7 9. O-O dxc4 10. bxc4 c5 11. d3 Rc8 12. Qe2 Qc7 13. Ne1 Rfd8 {A14: English Opening: 1...e6 with b3 by White} 14. f4 Bxg2 15. Nxg2 Nb8 {The position is equal.} (15... g6 16. g4 a6 17. a4 Nb8 18. f5 g5 19. fxe6 fxe6 20. Qf3 Rf8 21. Ne4 Nxe4 22. Qxe4 {½-½ (44) Mons,L (2554)-Zude,A (2349) Tegernsee 2018}) 16. Rad1 $146 ({Predecessor:} 16. g4 Nc6 17. g5 Nd7 18. Ne4 Nf8 19. Rad1 a6 20. Nf6+ gxf6 21. gxf6 {1-0 (38) Moehring,G (2264)-Heuer,T (2152) Berlin 2000}) 16... Nc6 17. f5 Qd7 18. fxe6 fxe6 19. Nf4 Bd6 20. Qg2 Be5 21. g4 Bxf4 22. Rxf4 e5 23. Rf5 Qe6 24. Rdf1 (24. Ne4 $5 {[%cal Re4f6]}) 24... Ne7 25. R5f3 Rxd3 26. g5 {[#]} Nd7 $1 27. Ne4 Qxc4 ({Black should try} 27... Ng6 $17 {Strongly threatening ...Nh4.} 28. Qe2 Qxc4) 28. Qg4 $1 $36 {[%mdl 2048] Nf6+! is the strong threat. White is pushing.} Qd5 {[#]} (28... Qxa2 $14 29. Nc3 Qb3) 29. Rf7 $2 {[%mdl 8192]} (29. Nf2 $1 $16 {[%cal Rf2d3] is necessary to keep the advantage.} e4 30. Nxe4) 29... Qxf7 $17 30. Rxf7 Kxf7 31. Bxe5 $2 {[%mdl 8192]} (31. Qh3 $17 c4 32. Qxh7) 31... Nxe5 $19 32. g6+ hxg6 $2 (32... N5xg6 33. h4 c4) 33. Ng5+ $2 (33. Qf4+ Ke6 34. Ng5+ Kd5 35. e4+ Kc6 36. Qxe5) 33... Kf6 $2 (33... Ke8 $19 34. Qe6 c4) 34. Ne4+ $2 {[%mdl 8192]} (34. Nh7+ $11 Kf7 35. Qf4+ Kg8 36. Qxe5 Kxh7 37. Qxe7) 34... Kf7 35. Ng5+ $1 Kf6 36. Ne4+ Kf7 37. Ng5+ $1 Ke8 38. Qe6 N5c6 39. Qf7+ Kd7 40. Qf1 Rd6 41. Ne4 Re6 42. Qh3 Nf5 43. Ng5 Rxe3 44. Qg4 Rce8 45. Qd1+ Kc7 (45... Ncd4 $142 46. Kf1 Kc7 47. a3 R3e5 48. Qd3 Ne3+ {[%mdl 64] Discovered Attack} 49. Ke1 Rxg5 50. Kd2 Rg2+ {[%mdl 64] Double Attack} 51. Kc3 b5 52. Qxd4 cxd4+ 53. Kxd4 Nc2+ {[%mdl 64] Double Attack} 54. Kc3 Re3+ 55. Kb2 Nxa3+ 56. Kc1 Re1#) 46. Qd5 Re1+ {Black mates.} 47. Kf2 R8e2+ 48. Kf3 Ncd4+ 49. Kf4 Rf1+ {Accuracy: White = 35%, Black = 50%.} 0-1

[Event "RUS-ch Men Rapid 2019"]
[Site "Sochi"]
[Date "2019.10.15"]
[Round "2.9"]
[White "Denishev, Marat"]
[Black "Popov, Valerij"]
[Result "0-1"]
[WhiteElo "2167"]
[BlackElo "2625"]
[Annotator "TA"]
[PlyCount "82"]
[EventDate "2019.10.15"]
[EventType "swiss"]
[EventCountry "RUS"]
[SourceTitle "playchess.com"]
[Source "ChessBase"]
[SourceQuality "1"]

{[%evp 11,82,14,44,0,0,-14,-18,-16,-2,-14,-14,-13,12,-51,-37,-39,-25,-81,-64,-114,-100,-128,-112,-132,-113,-150,-77,-118,-96,-151,-150,-145,-142,-148,-106,-111,-98,-111,-114,-159,-147,-191,-135,-154,-135,-125,-50,-47,-51,-156,-152,-159,-161,-140,-140,-180,-180,-242,-234,-248,-180,-348,-353,-369,-372,-387,-389,-322,-22,-21,-18,-5231,-3664]} 1. d4 Nf6 2. c4 e6 3. Nf3 d5 4. Nc3 Nbd7 5. Bg5 h6 6. Bh4 Bb4 7. Nd2 {D51: Queen's Gambit Declined: 4 Bg5 Nbd7 sidelines} (7. cxd5 exd5 8. Rc1 c6 9. e3 g5 10. Bg3 Ne4 11. Nd2 Nxg3 12. hxg3 Nf6 13. Be2 Qe7 14. Qc2 Bd7 {0-1 (35) Visakh,N (2458)-Eljanov,P (2734) Douglas 2017}) 7... c5 $146 ({Predecessor:} 7... c6 8. Qc2 Qc7 9. e3 e5 10. dxe5 Qxe5 11. Bd3 Nc5 12. O-O Nxd3 13. Qxd3 O-O 14. Bxf6 Qxf6 15. cxd5 Bxc3 16. bxc3 cxd5 {½-½ (35) Alberola Reig,F (1827)-Martinez Peran,I Lorca 2003}) 8. a3 Bxc3 9. bxc3 {The position is equal.} Qa5 10. Qc2 O-O 11. e3 b6 12. Bd3 (12. a4 $11) 12... cxd4 $15 13. exd4 Ba6 $36 {[%mdl 2048] Black fights for an advantage.} 14. O-O (14. a4 $1 $11 Bxc4 15. Bxc4 dxc4 16. Nxc4) 14... Rfc8 15. f4 dxc4 16. Be2 Nd5 17. Rf3 f5 18. Nf1 Rc6 (18... b5 $142 19. Qb2 Bb7) 19. Ng3 Rf8 20. Nh5 (20. a4 $142) 20... g6 $17 21. Ng3 ({Avoid the trap} 21. Rg3 $2 Kh7 $19) 21... b5 22. Nf1 N7b6 23. Be1 Kh7 24. h4 Nf6 25. Ng3 Bb7 26. h5 gxh5 (26... Rg8 $19 27. Re3 Rd6 28. hxg6+ Rxg6) 27. Re3 {With the idea Rxe6!} Nfd5 28. Re5 Bc8 ({Black should play} 28... Nxf4 $17 {...Nd7 is the strong threat.} 29. Bf3 Nd7 30. Bxc6 Bxc6) 29. Nxh5 Nd7 30. Rxd5 (30. Bf3 $15 Nxe5 31. fxe5) 30... exd5 31. Bf3 Nf6 32. Nxf6+ Rcxf6 33. Bh4 Re6 34. Kf2 (34. Qb2 $142) 34... Qc7 $19 35. g3 Qd6 36. a4 $2 {[#]} (36. Qb1) 36... b4 37. cxb4 Qxb4 38. Bxd5 Rb6 {And now ...c3 would win.} 39. Re1 {[#]} Qb2 $2 (39... c3 $1 $19 40. Qd3 Ba6) 40. Re7+ $11 Kg6 41. Re2 $2 {[%mdl 8192]} (41. Qxb2 $11 Rxb2+ 42. Ke3) 41... Qxd4+ {[%mdl 64] Double Attack. Accuracy: White = 21%, Black = 62%.} 0-1

[Event "RUS-ch Men Rapid 2019"]
[Site "Sochi"]
[Date "2019.10.15"]
[Round "2.10"]
[White "Moiseenko, Vadim"]
[Black "Dudin, Gleb"]
[Result "1-0"]
[WhiteElo "2595"]
[BlackElo "2314"]
[Annotator "ChessBase"]
[PlyCount "35"]
[EventDate "2019.10.15"]
[EventType "swiss"]
[EventCountry "RUS"]
[SourceTitle "playchess.com"]
[Source "ChessBase"]
[SourceQuality "1"]
[TimeControl "900+10"]

1. e4 {[%emt 0:00:00]} g6 {[%emt 0:00:00]} 2. f4 {[%emt 0:00:00]} Bg7 {[%emt 0:00:00]} 3. Nf3 {[%emt 0:00:00]} d5 {[%emt 0:02:47]} 4. Nc3 {[%emt 0:00:24]} dxe4 {[%emt 0:00:42]} 5. Nxe4 {[%emt 0:00:01]} b6 {[%emt 0:00:45]} 6. Bb5+ {[%emt 0:00:04]} c6 {[%emt 0:01:08]} 7. Bc4 {[%emt 0:00:02]} Nf6 {[%emt 0:01:12]} 8. Nxf6+ {[%emt 0:00:36]} exf6 {[%emt 0:01:03]} 9. Qe2+ {[%emt 0:00:05]} Qe7 {[%emt 0:00:39]} 10. Qxe7+ {[%emt 0:00:07]} Kxe7 {[%emt 0:00:02]} 11. b3 {[%emt 0:00:05]} f5 {[%emt 0:01:08]} 12. Ba3+ {[%emt 0:00:03]} c5 {[%emt 0:01:26]} 13. O-O-O {[%emt 0:00:02]} Be6 {[%emt 0:01:04]} 14. Rhe1 {[%emt 0:00:02]} Kd7 {[%emt 0:03:27]} 15. Bxe6+ {[%emt 0:00:03]} fxe6 {[%emt 0:00:03]} 16. d4 {[%emt 0:00:01]} c4 {[%emt 0:00:29]} 17. d5 {[%emt 0:00:04]} exd5 {[%emt 0:00:56]} 18. Re7+ {[%emt 0:00:02]} 1-0

[Event "RUS-ch Men Rapid 2019"]
[Site "Sochi"]
[Date "2019.10.15"]
[Round "2.11"]
[White "Gogolev, Artem"]
[Black "Lysyj, Igor"]
[Result "0-1"]
[WhiteElo "2339"]
[BlackElo "2588"]
[Annotator "ChessBase"]
[PlyCount "70"]
[EventDate "2019.10.15"]
[EventType "swiss"]
[EventCountry "RUS"]
[SourceTitle "playchess.com"]
[Source "ChessBase"]
[SourceQuality "1"]
[TimeControl "900+10"]

1. d4 {[%emt 0:00:00]} d5 {[%emt 0:00:01]} 2. c4 {[%emt 0:00:00]} e6 {[%emt 0:00:01]} 3. g3 {[%emt 0:00:00]} Nf6 {[%emt 0:00:40]} 4. Bg2 {[%emt 0:00:00]} Be7 {[%emt 0:00:02]} 5. Nf3 {[%emt 0:00:04]} O-O {[%emt 0:00:03]} 6. O-O {[%emt 0:00:03]} Nbd7 {[%emt 0:00:06]} 7. Nc3 {[%emt 0:01:25]} dxc4 {[%emt 0:00:05]} 8. e4 {[%emt 0:00:19]} b5 {[%emt 0:00:03]} 9. Nxb5 {[%emt 0:01:18]} Bb7 {[%emt 0:00:02]} 10. Nd2 {[%emt 0:00:51]} Nb6 {[%emt 0:00:40]} 11. e5 {[%emt 0:00:22]} Bxg2 {[%emt 0:00:10]} 12. exf6 {[%emt 0:00:26]} Bxf6 {[%emt 0:00:06]} 13. Kxg2 {[%emt 0:00:36]} Qd5+ {[%emt 0:00:01]} 14. Kg1 {[%emt 0:01:27]} Qxb5 {[%emt 0:00:04]} 15. Ne4 {[%emt 0:00:03]} Be7 {[%emt 0:00:09]} 16. a4 {[%emt 0:00:43]} Qc6 {[%emt 0:00:28]} 17. Qc2 {[%emt 0:00:22]} Nd5 {[%emt 0:00:38]} 18. Nc5 {[%emt 0:01:24]} Rab8 {[%emt 0:02:05]} 19. Rd1 {[%emt 0:02:09]} Bxc5 {[%emt 0:03:07]} 20. Qxc4 {[%emt 0:00:05]} Rb4 {[%emt 0:00:01]} 21. Qxc5 {[%emt 0:00:04]} Qxc5 {[%emt 0:00:01]} 22. dxc5 {[%emt 0:00:02]} Rfb8 {[%emt 0:00:18]} 23. Ra3 {[%emt 0:01:14]} Rc4 {[%emt 0:00:22]} 24. Rad3 {[%emt 0:01:29]} Rxa4 {[%emt 0:00:36]} 25. Be3 {[%emt 0:00:23]} Rxb2 {[%emt 0:00:51]} 26. c6 {[%emt 0:00:23]} h5 {[%emt 0:00:38]} 27. Rxd5 {[%emt 0:00:35]} exd5 {[%emt 0:00:03]} 28. Rxd5 Rc2 {[%emt 0:01:36]} 29. Rd8+ {[%emt 0:00:14]} Kh7 {[%emt 0:00:01]} 30. Rd7 {[%emt 0:00:01]} Rxc6 {[%emt 0:00:05]} 31. Rxf7 {[%emt 0:00:03]} a5 {[%emt 0:01:14]} 32. Bf4 {[%emt 0:00:09]} h4 {[%emt 0:01:37]} 33. Kg2 {[%emt 0:00:06]} hxg3 {[%emt 0:00:43]} 34. hxg3 {[%emt 0:00:13]} Kg6 {[%emt 0:00:44]} 35. Rd7 {[%emt 0:00:12]} Rxf4 {[%emt 0:00:13]} 0-1